000 00691nam a2200157 a 4500
008 120416s1994 ||||||||||||||||| || u
050 _aHF 5415.3 Sol
100 _aSolomon, Michael R
245 1 0 _aConsumer behaviour: buying, having and being. --2nd ed.
250 _a2nd. ed.
260 _aBoston
_bAllyn and Bacon
_c1994
300 _axxvii, 660p. : ill.
350 _a0.00
995 _aMAIN LIBRARY OPEN ACCESS
_D0.00
_e726349
_FCBU-MAIN LIBRARY (Kitwe)
_H2
_I21.95
_jHF 5415.3 Sol
_M2
_UAVAILABLE
_y021872
_ZMain Library Open Access Collection
995 _aBINDERY (DAMAGED)
_D0.00
_e008074
_FCBU-MAIN LIBRARY (Kitwe)
_H1
_I21.95
_jHF 5415.3 Sol
_UDAMAGED
_y008074
_ZMain Library Open Access Collection
999 _c79803
_d79803